Brazil : (Record no. 116911)

MARC details
000 -LEADER
campo de control de longitud fija 04173cam a2200445 i 4500
001 - NÚMERO DE CONTROL
campo de control 20492836
003 - IDENTIFICADOR DE NÚMERO DE CONTROL
campo de control BJBSDDR
005 - FECHA Y HORA DE LA ÚLTIMA TRANSACCIÓN
campo de control 20230411090818.0
007 - CAMPO FIJO DE DESCRIPCIÓN FÍSICA--INFORMACIÓN GENERAL
campo de control de longitud fija ta
008 - DATOS DE LONGITUD FIJA--INFORMACIÓN GENERAL
campo de control de longitud fija 180511s2018 nyuab b 001 0 eng
010 ## - NÚMERO DE CONTROL DE LA BIBLIOTECA DEL CONGRESO
Número de control de LC 2018021716
020 ## - NÚMERO INTERNACIONAL ESTÁNDAR DEL LIBRO
Número Internacional Estándar del Libro 9780374280499 (hardcover)
040 ## - FUENTE DE CATALOGACIÓN
Centro catalogador/agencia de origen DLC
Lengua de catalogación eng
Centro/agencia transcriptor DLC
Normas de descripción rda
Centro/agencia modificador DLC
041 1# - CÓDIGO DE IDIOMA
Código de lengua del texto/banda sonora o título independiente eng
Código de lengua original por
042 ## - CÓDIGO DE AUTENTICACIÓN
Código de autenticación pcc
043 ## - CÓDIGO DE ÁREA GEOGRÁFICA
Código de área geográfica s-bl---
050 00 - SIGNATURA TOPOGRÁFICA DE LA BIBLIOTECA DEL CONGRESO
Número de clasificación F2510
Número de ítem S399 2018
082 00 - NÚMERO DE LA CLASIFICACIÓN DECIMAL DEWEY
Número de clasificación 981
Número de edición 23
100 1# - ENTRADA PRINCIPAL--NOMBRE DE PERSONA
Nombre de persona Schwarcz, Lilia Moritz,
Término indicativo de función/relación author.
9 (RLIN) 24648
Fechas asociadas al nombre 1957-
240 10 - TÍTULO UNIFORME
Título uniforme Brasil.
Lenguaje de la obra English
245 10 - MENCIÓN DEL TÍTULO
Título Brazil :
Resto del título a biography /
Mención de responsabilidad, etc. Lilia M. Schwarcz and Heloisa M. Starling.
250 ## - MENCION DE EDICION
Mención de edición First American edition.
260 ## - PUBLICACIÓN, DISTRIBUCIÓN, ETC.
Lugar de publicación, distribución, etc. New York :
Nombre del editor, distribuidor, etc. Farrar, Straus and Giroux,
Fecha de publicación, distribución, etc. 2018
264 #1 - PRODUCCIÓN, PUBLICACIÓN, DISTRIBUCIÓN, FABRICACIÓN Y COPYRIGHT
Producción, publicación, distribución, fabricación y copyright New York :
Nombre del de productor, editor, distribuidor, fabricante Farrar, Straus and Giroux,
Fecha de producción, publicación, distribución, fabricación o copyright 2018.
300 ## - DESCRIPCIÓN FÍSICA
Extensión xxvi, 761 pages :
Otras características físicas illustrations, maps ;
Dimensiones 24 cm
336 ## - TIPO DE CONTENIDO
Término de tipo de contenido text
Código de tipo de contenido txt
Fuente rdacontent
337 ## - TIPO DE MEDIO
Nombre/término del tipo de medio unmediated
Código del tipo de medio n
Fuente rdamedia
338 ## - TIPO DE SOPORTE
Nombre/término del tipo de soporte volume
Código del tipo de soporte nc
Fuente rdacarrier
500 ## - NOTA GENERAL
Nota general Originally published: Brasil: uma Biografia : Companhia das Letras, Brazil, 2015.
504 ## - NOTA DE BIBLIOGRAFÍA, ETC.
Nota de bibliografía, etc. Includes bibliographical references and index.
505 0# - NOTA DE CONTENIDO CON FORMATO
Nota de contenido con formato Introduction: "Brazil is just nearby" -- First came the name, and then the land called Brazil -- The sugar civilization: bitter for the many, sweet for a few -- Tit for tat: slavery and the naturalization of violence -- Gold! -- Revolt, conspiracy and sedition in the tropical paradise -- Ship ahoy! a court at sea -- Dom João and his court in the tropics -- The father leaves, the son remains -- Independence habemus: instability in the First empire -- Regencies, or the sound of silence -- The second reign: at last, a nation in the tropics -- The end of the monarchy in Brazil -- The first republic: the people take to the streets -- Samba, malandragem, authoritarianism: the birth of modern Brazil -- Yes, we have democracy! -- The 1950s and 1960s: bossa- nova, democracy and underdevelopment -- On a knife edge: dictatorship, opposition and resistance -- On the path to democracy: the transition to civilian power and the ambiguities and legacy of the military dictatorship -- Conclusion: history is not arithmetic.
520 ## - RESUMEN, ETC.
Sumario, etc. Written by two leading historians, Brazil: A Biography is a sweeping and absorbing portrait of Brazil from its origins to the twenty-first century. For many Americans, Brazil is a land of contradictions: vast natural resources and entrenched corruption; extraordinary wealth and grinding poverty; beautiful beaches and violence-torn favelas. Brazile received more than 40 percent of the African population that was stolen from the continent, and was the last country in the Western world to abolish the slave system. Brazil is larger than the contiguous United States and occupies a vivid place in the American imagination, yet it remains largely unknown. In an extraordinary journey that spans more than five hundred years, from the Amerindian civilization to the 2016 Summer Olympics, Lilia M. Schwarcz and Heloisa M. Starling's Brazil offers a rich and dramatic history of this complex country. The authors not only reconstruct the epic story of the nation but follow the shifting byways of food, art, and popular culture; the plights of minorities; and the ups and downs of economic cycles. Drawing on a range of original scholarship in history, anthropology, political science, literature, and economics, Schwarcz and Starling reveal a long process of unfinished social, political, and economic progress and struggle, a story in which the troubled legacy of the mixing of races, postcolonial political dysfunction, and inequality persist to this day. Even now, Brazil stands as one of the world's great experiements - creative, harsh, unique, and as compelling a story for outsiders as for its inhabitants. -- From dust jacket<br/>
546 ## - NOTA DE IDIOMA
Nota de lengua/lenguaje Translated from Portuguese.
651 #0 - PUNTO DE ACCESO ADICIONAL DE MATERIA--NOMBRE GEOGRÁFICO
Nombre geográfico Brazil
Subdivisión general Civilization.
651 #0 - PUNTO DE ACCESO ADICIONAL DE MATERIA--NOMBRE GEOGRÁFICO
Nombre geográfico Brazil
Subdivisión general History.
700 1# - ENTRADA AGREGADA--NOMBRE PERSONAL
Nombre de persona Starling, Heloisa Maria Murgel,
Término indicativo de función/relación author.
9 (RLIN) 24649
Fechas asociadas al nombre 1956-
906 ## - ELEMENTOS DE DATOS F LOCAL, LDF (RLIN)
a 7
b cbc
c orignew
d 1
e ecip
f 20
g y-gencatlg
942 ## - ELEMENTOS DE ENTRADA SECUNDARIOS (KOHA)
Fuente del sistema de clasificación o colocación Clasificación de Library of Congress
Tipo de ítem Koha Libro
Holdings
Estatus retirado Estado de pérdida Fuente del sistema de clasificación o colocación Estado de daño No para préstamo Colección Biblioteca de origen Biblioteca actual Ubicación en estantería Fecha de adquisición Signatura topográfica completa Código de barras Visto por última vez Copia número Tipo de ítem Koha
    Clasificación de Library of Congress     Automatización y Procesos Técnicos Biblioteca Juan Bosch Biblioteca Juan Bosch Automatización y Procesos Técnicos (1er. Piso) 05/09/2022 F2510 S399 2018 00000160146 05/09/2022 1 Libro